000 00344nam a2200145Ia 4500
003 OSt
005 20231220072643.0
008 170524s9999 xx 000 0 und d
020 _a9788126123377
040 _cIIMT UNIVERSITY
100 _aSHARMA- SEEMA
245 0 _aJOURNALISM REPORTING
260 _bANMOL PUB. : NEW DELHI
942 _2ddc
_c01
999 _c9221
_d9221